[Event "Puget Sound League"]
[Site "?"]
[Date "1970.11.01"]
[Round "1.1"]
[White "DeLenea, D."]
[Black "Bailey, B."]
[Result "0-1"]
[WhiteElo "1866"]
[BlackElo "1983"]
[Annotator "Stockfish 14 (15s)"]
[PlyCount "64"]
[EventDate "1970.??.??"]

{D27: Queen's Gambit Accepted: Classical main line: 7 e4!? and 7 a4} 1. d4 d5
2. c4 dxc4 3. Nf3 Nf6 4. e3 e6 5. Bxc4 c5 6. Nc3 a6 7. a4 Nc6 8. O-O cxd4 9.
exd4 Be7 10. Re1 O-O 11. Bg5 h6 12. Bh4 Bd7 (12... Qb6 13. Qd2 Rd8 14. Rad1 Qa5
15. d5 Qc5 16. Qe2 exd5 17. Bxf6 Bxf6 18. Rxd5 Qf8 19. Rxd8 Bxd8 20. Qe8 g5 21.
Bxf7+ Kg7 22. Qxf8+ Kxf8 23. Bd5 Bd7 24. Ne4 Be7 25. g3 Rd8 26. h4 Bg4 27. Bxc6
{Sokolov,I (2647)-Anand,V (2752) Prague 2002 1/2-1/2 (34)}) 13. Rc1 Nb4 $146 (
13... Rc8 14. Ba2 Qa5 15. Bb1 Rfd8 16. Qc2 Nb4 17. Qe2 Qh5 18. Bg3 Bc6 19. Ne4
Nxe4 20. Bxe4 Nd5 21. Bb1 Bxa4 22. Qd3 Nf6 23. Ne5 Bb5 24. Qd2 Nh7 25. Ba2 Bg5
26. f4 Bf6 27. Rxc8 Rxc8 28. Nxf7 {
Hains,J-Reeves,N Dos Hermanas 2004 1/2-1/2 (65)}) 14. Ne5 Re8 (14... Rc8 15.
Bb3 $11) 15. Qf3 (15. Qb3 Nc6 16. Qxb7 Na5 $11) 15... Bc6 $11 16. Nxc6 bxc6 17.
Rcd1 $2 (17. Ne2 $142 $11) 17... Nc2 $17 18. Re5 (18. Rf1 Nxd4 19. Qf4 c5 $17)
18... Nxd4 $19 19. Qd3 Nf5 20. Qe2 $2 (20. Qxd8 $142 $5 Bxd8 21. Bg3 Nxg3 22.
hxg3 $19) 20... Qc7 $19 21. Bxf6 (21. Bg3 Nxg3 22. hxg3 $19) 21... Bxf6 (21...
gxf6 $143 22. Rxe6 fxe6 23. Qxe6+ Kh8 24. Qxf5 $14) 22. Re4 a5 23. Ba2 (23. Qc2
Rab8 24. Bf1 Red8 25. Rxd8+ Qxd8 $19 (25... Bxd8 $6 26. Rc4 $19) (25... Rxd8
$143 26. Rc4 $19)) 23... Rad8 24. Rc4 (24. Rb1 Re7 $19) 24... Rxd1+ 25. Qxd1 (
25. Nxd1 Rd8 $19) 25... Rd8 26. Qe2 (26. Qf1 Qb6 27. Ne4 Bxb2 $19) 26... Qd6 (
26... Qb8 $142 $5 27. h3 $19) 27. g3 Bxc3 28. bxc3 (28. Rxc3 Nd4 29. Qd1 Rb8
$19) 28... Qd2 29. Qxd2 Rxd2 30. Bb3 Rb2 31. g4 (31. Rxc6 Rxb3 32. Rc5 Kh7 $19)
31... Nh4 32. Bd1 (32. Kf1 Rxb3 33. Rxc6 Ra3 $19) 32... Rb1 (32... Rb1 33. Kf1
Rxd1+ 34. Ke2 Ra1 $19) 0-1

[Event "Puget Sound League"]
[Site "?"]
[Date "1970.11.01"]
[Round "1.2"]
[White "Bailey, B."]
[Black "DeLenea, D."]
[Result "1-0"]
[WhiteElo "1983"]
[BlackElo "1866"]
[Annotator "Stockfish 14 (15s)"]
[PlyCount "123"]
[EventDate "1970.??.??"]

{B95: Sicilian Najdorf: 6 Bg5 e6, unusual White 7th moves} 1. e4 c5 2. Nf3 d6
3. d4 cxd4 4. Nxd4 Nf6 5. Nc3 a6 6. Bc4 Qc7 7. Bb3 e6 8. Bg5 Be7 9. O-O Nc6 (
9... O-O 10. Re1 Nc6 11. Nxc6 bxc6 12. Qe2 h6 13. Bh4 e5 14. Bxf6 Bxf6 15. Qc4
Bd8 16. Rad1 a5 17. Ba4 Bd7 18. Rd3 Rb8 19. b3 Rb4 20. Nd5 Rxc4 21. Nxc7 Rxa4
22. Rxd6 Bxc7 23. Rxd7 Rxa2 24. Rxc7 {
Liu Yi Nan,J (1402)-Langers,A (1734) Dortmund 2005 0-1 (73)}) 10. Kh1 (10. Nxc6
bxc6 11. f4 d5 12. e5 Ng8 13. Bxe7 Nxe7 14. Qd2 c5 15. Ne2 Rb8 16. c3 Bd7 17.
Rab1 O-O 18. Bc2 f5 19. h3 Qa5 20. b4 Qc7 21. bxc5 Bb5 22. Bd3 Qxc5+ 23. Nd4
Nc6 24. Bxb5 Rxb5 {Oliveira,S (2295)-Alonso,R (2112) Sao Paulo 2004 0-1 (60)})
10... Bd7 11. f4 h6 $146 (11... Rc8 12. f5 Nxd4 13. Qxd4 e5 14. Qd2 Bc6 15.
Rae1 b5 16. Nd5 Bxd5 17. exd5 O-O 18. Rf3 Rfe8 19. g4 Qd8 20. Qg2 Nd7 21. Bxe7
Qxe7 22. g5 f6 23. Rg3 Nc5 24. Rg1 Rc7 25. Qe2 Rec8 26. Qh5 {
Matoewi,R (2216)-Matthews,B Bled 2002 1-0 (36)}) 12. Bxf6 (12. Bh4 $5 O-O 13.
Qd3 $11) 12... Bxf6 $17 13. Nce2 O-O (13... O-O-O 14. c3 $15) 14. c3 $15 Rad8 (
14... Na5 15. Ng3 $15) 15. f5 $11 exf5 16. Nxf5 Bxf5 17. Rxf5 (17. exf5 $143 d5
$17) 17... Ne7 18. Rf2 Qc5 19. Qf1 (19. Rf3 Qe5 20. Qf1 d5 21. exd5 Nxd5 $14)
19... d5 20. Rd1 (20. Ng3 $142 Be5 21. Rd1 $16) 20... Bh4 $4 (20... dxe4 $142
21. Ng3 Rxd1 22. Bxd1 Qe5 $15) 21. g3 (21. Rf3 $5 Rde8 $18) 21... Bg5 $16 22.
e5 (22. Nd4 $142 $5 Be3 23. Re2 Bxd4 24. Rxd4 $16 (24. cxd4 $143 Qb5 $14))
22... Ng6 (22... Qc7 23. h4 Be3 24. Rf3 Qxe5 25. Re1 $11) 23. Rf5 (23. Nf4 Bxf4
24. gxf4 d4 $14) 23... Ne7 24. Rf3 Nc6 25. Rfd3 Nxe5 26. Rxd5 Qe3 27. Rxd8 Bxd8
28. Bd5 (28. Nd4 Bf6 $11) 28... Ng4 $15 29. Rd4 Nf6 30. Bb3 (30. Bxb7 $5 Bb6
31. Rf4 $11) 30... Bb6 $17 31. Rf4 Re8 (31... Rd8 $5 32. Nd4 Bxd4 33. cxd4 Rxd4
$17) 32. Nd4 $15 Bc7 (32... h5 33. Kg2 $11) 33. Rf2 (33. Bxf7+ Kxf7 34. Qc4+
Kg6 35. Qxc7 Qd2 $11) 33... Qe4+ $15 34. Kg1 Bb6 35. Qc4 Re7 36. Qc8+ Re8 37.
Qc4 Qe1+ (37... Rf8 $142 $15) 38. Qf1 $4 (38. Kg2 $142 Bxd4 39. Qxf7+ Kh8 40.
cxd4 $11) 38... Qe3 39. Qc4 $4 (39. Kg2 $142 Qe4+ 40. Kg1 Bxd4 41. cxd4 Qxd4
42. Qd1 $19) 39... Qe1+ (39... Ng4 $142 40. Qxf7+ Kh8 $19) 40. Qf1 $4 (40. Kg2
$142 Bxd4 41. Qxf7+ Kh8 42. cxd4 $11) 40... Qe3 $19 41. Qc4 $4 (41. Kg2 $142
Bxd4 42. cxd4 Qe4+ 43. Kg1 Qxd4 44. Qd1 $19) 41... Ng4 42. Qxf7+ Kh8 43. Bd5 (
43. Qf4 Qxf2+ 44. Qxf2 Nxf2 45. Kxf2 Bxd4+ 46. cxd4 Re4 $19) 43... Bxd4 44.
cxd4 Nxf2 45. Qxf2 Qxf2+ (45... Qd3 $142 46. Qf7 Qxd4+ 47. Kh1 Qd1+ 48. Kg2
Qc2+ 49. Kh3 Qc8+ 50. Kg2 $19) 46. Kxf2 Re7 47. Kf3 Rd7 (47... g6 $142 $19) 48.
Ke4 $17 g6 (48... Re7+ $142 $5 49. Kf5 Re2 $17) 49. Be6 Rc7 50. Ke5 Kg7 51. Kd6
Rc6+ 52. Ke7 b5 $4 (52... Rc7+ $142 53. Bd7 Rc2 $11) 53. d5 $18 Rc7+ 54. Kd8 (
54. Bd7 $142 $18) 54... Ra7 $16 55. d6 Kf6 56. Bc8 Kf7 $4 (56... Rh7 57. Bh3 b4
$16) 57. b4 $18 g5 (57... h5 58. Bd7 $18) 58. Bd7 a5 (58... g4 59. Bc6 Ke6 60.
d7 $18) 59. bxa5 b4 (59... Rxa5 60. Bc6 Ke6 $18) 60. Bc6 Rxa5 61. Kc7 Rxa2 62.
Bd5+ (62. Bd5+ Kf6 63. Bxa2 b3 64. Bxb3 h5 65. d7 Ke5 66. d8=Q Ke4 67. Qd2 h4
68. Bc2+ Kf3 69. Bd3 Kg4 70. Qe2+ Kh3 71. Bf5+ g4 72. Bxg4#) 1-0

[Event "Puget Sound League"]
[Site "?"]
[Date "1970.12.06"]
[Round "3.1"]
[White "Bailey, B."]
[Black "Alexandro, F."]
[Result "1/2-1/2"]
[WhiteElo "1983"]
[BlackElo "1965"]
[Annotator "Stockfish 14 (15s)"]
[PlyCount "66"]
[EventDate "1970.??.??"]

{B38: Sicilian: Maroczy Bind with 5...Bg7 and 7...0-0} 1. e4 c5 2. Nf3 Nc6 3.
d4 cxd4 4. Nxd4 d6 5. c4 Nf6 6. Nc3 g6 7. Be2 Bg7 8. Be3 O-O 9. Rc1 Ne8 $146 (
9... Qa5 10. f3 Bd7 11. Qd2 a6 12. b3 Rfc8 13. Nxc6 Rxc6 14. Nd5 Qd8 15. O-O b5
16. Bg5 Nxd5 17. exd5 Rcc8 18. Qe3 Bf8 19. Rfe1 Qa5 20. Qd2 Qxd2 21. Bxd2 Bg7
22. Bd3 Kf8 23. Bg5 Bd4+ 24. Kf1 {
Dalaklis,G-Mamedov,N (2298) Litohoto 1999 1/2-1/2 (63)}) (9... Nxd4 10. Bxd4
Be6 (10... b6 11. O-O Bb7 12. f3 Qd7 13. Qd2 Rac8 14. b3 Bc6 15. a4 Qb7 16.
Rfe1 Nd7 17. Bxg7 Kxg7 18. f4 Rcd8 19. b4 Qa8 20. Bf3 Kg8 21. Nd5 Bxd5 22. exd5
Rfe8 23. h4 Nf6 24. f5 Qc8 25. g4 {
Borgo,G (2419)-Gengler,P (2149) Plovdiv 2003 1-0 (39)}) 11. Qd2 Qa5 12. f3 Rfc8
13. b3 a6 14. O-O b5 15. cxb5 axb5 16. Rfd1 b4 17. Na4 Rcb8 18. Bf1 Nd7 19.
Bxg7 Kxg7 20. Qe1 Nb6 21. Nxb6 Qxb6+ 22. Kh1 Rxa2 23. Bc4 Bxc4 24. Rxc4 {
Wang Zili (2542)-Zhang Pengxiang (2567) Yongchuan 2003 0-1 (34)}) (9... Bd7 10.
f3 (10. Nb3 b6 11. f4 Rc8 12. O-O Be6 13. g4 Nb4 14. Nd2 Nc6 15. Kg2 Bd7 16. h3
Ne8 17. f5 Ne5 18. b3 Bc6 19. Nf3 Nf6 20. Nxe5 dxe5 21. Bf3 Qc7 22. Qe2 Qb7 23.
Bg5 e6 24. fxe6 fxe6 {
Hajagos,J (2140)-Kovacs,L (2130) Hungary 2003 1/2-1/2 (36)}) 10... Ne8 11. Nb3
b6 12. O-O Rc8 13. Qd2 f5 14. Rfd1 Nf6 15. exf5 gxf5 16. Nd5 Ne5 17. Nd4 Qe8
18. Nb5 Nxd5 19. Qxd5+ Qf7 20. Qxf7+ Kxf7 21. Nxa7 {
1/2-1/2 (21) Brulic,D (2222)-Bernasek,J (2389) Bar 2005}) (9... Nxd4 $142 10.
Bxd4 Bh6 $11) 10. O-O $16 Nc7 11. Qd2 Ne6 (11... Nxd4 $142 12. Bxd4 Bxd4 13.
Qxd4 e5 $16) 12. Nxc6 (12. Nxe6 $142 $5 fxe6 13. Rfd1 $16) 12... bxc6 $11 13.
Rfd1 Qa5 (13... c5 14. Bg4 $11) 14. b3 $14 Nc5 (14... Rd8 15. Bg4 $14) 15. Bf3
(15. Nd5 Qd8 16. Bxc5 cxd5 $16) 15... Bb7 16. Ne2 (16. h4 $142 $5 $16) 16...
Qxd2 $11 17. Rxd2 Ne6 18. c5 Be5 (18... Nxc5 $142 $5 19. Bxc5 dxc5 20. Rxc5
Rfd8 21. Rxd8+ Rxd8 $11) 19. cxd6 $16 exd6 20. g3 c5 21. Bg2 Rfd8 22. Rcd1 Ba6
23. Bf1 (23. Nf4 Nd4 24. Nd5 Bb7 $16) 23... Bxe2 (23... g5 24. Rc1 $14) 24.
Bxe2 $14 Nd4 25. Kg2 a5 (25... Nxe2 26. Rxe2 a5 27. Red2 $14) 26. Bc4 $16 (26.
Bxd4 $6 Bxd4 27. Bc4 Kg7 $11) 26... Rdb8 27. Rf1 (27. f4 Bg7 28. a4 $16 (28.
Bxd4 $6 Bxd4 29. Rd3 Kg7 $11)) 27... a4 $14 28. Bxd4 Bxd4 29. f4 Ra7 30. h4 Re8
31. Bd5 axb3 32. axb3 Rb8 (32... h5 $5 $11) 33. f5 (33. h5 $5 $14) 33... Kg7
1/2-1/2

[Event "Puget Sound League"]
[Site "?"]
[Date "1970.12.06"]
[Round "3.2"]
[White "Alexandro, F."]
[Black "Bailey, B."]
[Result "1-0"]
[WhiteElo "1965"]
[BlackElo "1983"]
[Annotator "Stockfish 14 (15s)"]
[PlyCount "35"]
[EventDate "1970.??.??"]

{C90: Closed Ruy Lopez with 7...d6: Early deviations} 1. e4 e5 2. Nf3 Nc6 3.
Bb5 a6 4. Ba4 Nf6 5. O-O b5 6. Bb3 Be7 7. Re1 d6 8. h3 Na5 9. Nc3 Nxb3 10. axb3
Bb7 11. d3 O-O 12. Nh2 Re8 $146 (12... b4 13. Ne2 d5 14. f3 Bc5+ 15. Kh1 Nh5
16. Ng4 Qd6 17. Be3 d4 18. Bf2 f5 19. exf5 Bxf3 20. gxf3 Rxf5 21. Ng3 Nxg3+ 22.
Bxg3 h5 23. Nh2 Raf8 24. Re4 Rg5 25. Bh4 Rg6 26. Qf1 Qe6 27. Rae1 {
Baumgarten,S-Klus,M Leipzig 1995 1-0 (36)}) (12... c5 13. Ng4 $15) 13. f4 (13.
Bg5 Nd5 $15) 13... Bf8 (13... exf4 $142 14. Bxf4 b4 $17) 14. f5 $4 (14. fxe5 $5
Rxe5 15. Bf4 $11) 14... d5 (14... b4 $142 15. Na4 d5 $19) 15. Bg5 Qd6 16. Ng4
b4 17. Bxf6 bxc3 $4 (17... Qb6+ $142 18. Kh2 bxc3 19. Nh6+ Kh8 20. Nxf7+ Kg8
21. Nh6+ gxh6 22. Qg4+ Kf7 $15) 18. Nh6+ $3 $18 (18. Nh6+ Kh8 19. Nxf7+ Kg8 20.
Nxd6 cxd6 21. Qg4 $18) 1-0

[Event "Puget Sound League"]
[Site "?"]
[Date "1971.01.17"]
[Round "4.1"]
[White "Bailey, B."]
[Black "Wright, H."]
[Result "1/2-1/2"]
[WhiteElo "1983"]
[BlackElo "1519"]
[Annotator "Stockfish 14 (15s)"]
[PlyCount "85"]
[EventDate "1971.??.??"]

{C05: French Tarrasch: 3...Nf6 4 e5 Nfd7, 5 f4 and 5 Bd3 sidelines} 1. e4 e6 2.
d4 d5 3. Nd2 c5 4. c3 Nf6 5. e5 Nfd7 6. Ngf3 Be7 7. Bd3 O-O (7... b6 8. Qe2 a5
9. O-O Ba6 10. c4 Nc6 11. cxd5 Bxd3 12. Qxd3 Nb4 13. Qe4 Nxd5 14. Qg4 g6 15.
Ne4 h5 16. Qg3 Kf8 17. Bg5 Kg7 18. Rad1 c4 19. Nc3 Nf8 20. h4 Nxc3 21. bxc3
Bxg5 22. Nxg5 {Zarnicki,P (2487)-Tempone,M (2437) Rosario 2001 1-0 (43)}) (7...
cxd4 8. cxd4 b6 9. Qe2 a5 10. Bb5 Ba6 11. a4 Qc8 12. O-O Nc6 13. Nb1 Bxb5 14.
axb5 Nb4 15. Nc3 O-O 16. Be3 Qc4 17. Qd1 Rac8 18. Ne1 f5 19. exf6 Nxf6 20. Qb1
Ng4 21. Nf3 Qc7 22. h3 {
Tischbierek,R (2466)-Kern,G (2340) Germany 2005 1-0 (61)}) 8. Qc2 $146 (8. O-O
c4 9. Bc2 f5 10. exf6 Nxf6 11. Ne5 Nbd7 12. f4 Qe8 13. Ndf3 Nxe5 14. fxe5 Nd7
15. Be3 Kh8 16. Qe2 Qh5 17. Rf2 b5 18. Raf1 Bb7 19. h3 a5 20. Kh2 Bc6 21. g4
Qe8 22. h4 Rb8 {Gressnich,H-Barth,H Bochum 1990 0-1 (36)}) (8. h4 $142 h6 9.
Ng5 $18) 8... h6 $11 9. O-O Nc6 10. Re1 Qb6 11. dxc5 (11. Qd1 $142 $11) 11...
Bxc5 $4 (11... Qc7 $142 $15) 12. Nb3 $16 Be7 (12... Qc7 13. Bf4 (13. Nxc5 $6
Nxc5 14. Bh7+ Kh8 $16) 13... f5 14. Nfd4 Bxd4 15. cxd4 $16 (15. Nxd4 $6 Nxd4
16. cxd4 Qxc2 17. Bxc2 Nb8 $11)) 13. Be3 $18 Qc7 (13... Qd8 14. Bf4 $18) 14.
Bf4 Qd8 (14... a5 15. Qd2 a4 16. Nbd4 $18) 15. Qd2 g5 16. Be3 $4 (16. Bg3 $142
$18) 16... Ndxe5 17. Nxe5 Nxe5 18. Bc2 Nc4 19. Qd3 f5 20. Bc1 $2 (20. Bd4 Bf6
21. Nd2 Bxd4 22. cxd4 Nd6 $15) 20... Bf6 (20... e5 $142 $19) 21. Nd4 $15 Ne5 (
21... Re8 22. b3 Ne5 23. Qh3 $17) 22. Qh3 (22. Qg3 Qd6 23. Bf4 Nf3+ 24. Qxf3
gxf4 $14) 22... Kg7 (22... Rf7 $5 $15) 23. f4 Nf7 $4 (23... Ng4 $142 24. Qd3
Qb6 $11) 24. Nxe6+ $18 (24. Rxe6 $4 Bxd4+ 25. Be3 Bxe3+ (25... Bxe6 $6 26.
Bxd4+ Kg8 27. Re1 $11) 26. Rxe3 Qb6 $19) 24... Bxe6 25. Rxe6 Nd6 (25... Re8 26.
Bxf5 (26. Qxf5 $6 Rxe6 27. Qxe6 Qe8 28. Qxe8 Rxe8 $16) 26... Rxe6 27. Bxe6 $18)
26. fxg5 (26. Be3 $142 Qd7 27. Rxd6 Qxd6 28. Qxf5 Rf7 29. Qg6+ Kf8 30. Qxh6+
Ke7 31. fxg5 Bg7 $18) 26... hxg5 27. Bd2 (27. Be3 $142 $5 Re8 28. Bxf5 Nxf5 29.
Qxf5 Rxe6 30. Qxe6 Qe8 $18) 27... Rh8 $4 (27... Qb6+ $142 28. Be3 Qxb2 $11) 28.
Qf3 $18 Ne4 $4 (28... Re8 29. Rxe8 Qxe8 30. Qxd5 Rd8 $18) 29. Bxe4 fxe4 (29...
dxe4 30. Qxf5 Re8 31. Be3 Rxe6 32. Qxe6 $18) 30. Qf5 (30. Qg3 $142 Re8 31. Rxe8
Qxe8 32. Bxg5 Bxg5 33. Qxg5+ Qg6 34. Qxd5 Re8 35. Qd4+ Kh7 $18) 30... Rh6 (
30... Re8 31. Be3 Rxe6 32. Qxe6 d4 33. cxd4 Bxd4 34. Qxe4 Bxe3+ 35. Qxe3 Rc8
36. Qxa7 Qd5 $18) 31. h4 $1 Rxh4 (31... gxh4 32. Qg4+ {Double attack} (32.
Bxh6+ {Deflection Pinning})) (31... Rxh4 32. Bxg5 {Combination}) 32. Bxg5 $1
Bxg5 (32... Bxg5 33. Rg6+ {Double attack}) (32... -- $140 33. Bxf6+ {
Mate threat}) 33. Rg6+ Kh8 34. Rxg5 (34. Qe5+ Bf6 35. Rxf6 Qxf6 36. Qxf6+ Kg8
37. Qg5+ Kh8 38. Qxh4+ Kg7 39. Qg5+ Kf7 40. Rf1+ Ke6 41. Qg6+ Kd7 42. Rf7+ Ke8
43. Qg8#) 34... Qd6 (34... Qb6+ 35. Kf1 Rh1+ 36. Ke2 Qxb2+ 37. Ke3 Qxc3+ 38.
Kf2 Qxa1 (38... Rxa1 $143 39. Rh5+ Kg8 40. Qe6+ Kf8 41. Rf5+ Qf6 42. Rxf6+ Kg7
43. Qf7+ Kh8 44. Rh6#) 39. Rh5+ Rxh5 40. Qxh5+ Kg7 41. Qg5+ Kf8 $19) 35. Qe5+ (
35. Qxd5 $142 $5 Qb6+ 36. Qd4+ Qxd4+ 37. cxd4 $18) 35... Qxe5 $16 36. Rxe5 d4
$2 (36... Rd8 $142 $16) 37. cxd4 $18 Rc8 38. Rd1 $4 (38. Re7 $142 Rg4 39. Rf1
$18) 38... Rc2 $11 39. d5 Rg4 40. Rh5+ Kg7 41. d6 Rgxg2+ 42. Kh1 Rgd2 43. Rxd2
1/2-1/2

[Event "Puget Sound League"]
[Site "?"]
[Date "1971.01.17"]
[Round "4.2"]
[White "Wright, H."]
[Black "Bailey, B."]
[Result "0-1"]
[WhiteElo "1519"]
[BlackElo "1983"]
[Annotator "Stockfish 14 (15s)"]
[PlyCount "90"]
[EventDate "1971.??.??"]

{C97: Closed Ruy Lopez: Chigorin Defence: 11 d4 Qc7, sidelines} 1. e4 e5 2. Nf3
Nc6 3. Bb5 a6 4. Ba4 Nf6 5. O-O b5 6. Bb3 Be7 7. Re1 O-O 8. c3 Na5 9. Bc2 d6
10. h3 c5 11. d4 Qc7 12. Nbd2 Ne8 13. g4 $146 (13. Nf1 g6 (13... h6 14. Ng3 Bd7
15. Bd3 Rb8 16. d5 c4 17. Be2 Nf6 18. Nh2 Nh7 19. Bg4 Nb7 20. Bxd7 Qxd7 21. Nf5
Nf6 22. Ng4 Kh7 23. Nxf6+ Bxf6 24. Qh5 Nc5 25. g4 g6 26. Qxh6+ Kg8 27. Bg5 Qd8
28. Bxf6 {Sipic,H (2163)-Krizanovic,A Rabac 2004 1-0}) (13... f5 14. dxe5 dxe5
15. exf5 Kh8 16. Nxe5 Bd6 17. Nf3 Bxf5 18. Qd5 Rd8 19. Rxe8 Bxc2 20. Rxd8 Rxd8
21. Qe6 Rf8 22. Bg5 Bf5 23. Qe2 Qf7 24. Rd1 Nb7 25. Nh4 Qxa2 26. Be7 Bxe7 27.
Qxe7 Qf7 28. Qxf7 {Novoselsky,O-Koridze,S Kiev 1999 1-0}) (13... Bb7 14. Ng3
Nc4 15. b3 Nb6 16. d5 g6 17. Be3 Bf6 18. Qd2 Bg7 19. Nh2 Nf6 20. Bh6 Rad8 21.
f3 Bc8 22. Kf2 Bd7 23. Ng4 Nxg4+ 24. hxg4 f6 25. Rh1 Be8 26. Rh2 Rd7 27. Rah1
Rff7 28. g5 {
Badia Mas,J (1865)-Longares Perez,G (1895) Mollerusa 1997 1/2-1/2 (54)}) 14.
Ng3 Ng7 15. b3 Nc6 16. d5 Nd8 17. Bh6 Bd7 18. Nh2 f6 19. Nhf1 Nf7 20. Bd2 Rae8
21. Ne3 Qc8 22. Ng4 f5 23. exf5 gxf5 24. Nh6+ Kh8 25. Nh5 Nxh6 26. Bxh6 Bf6 27.
Nxf6 Rxf6 {Vecsey,Z-Richter,E Prague 1929 0-1}) (13. Nf1 Nf6 $16) 13... Bd7 (
13... cxd4 $5 14. cxd4 h5 $11) 14. d5 Nb7 15. Nf1 (15. c4 g6 16. Kh2 Kg7 $16)
15... Nd8 (15... c4 $5 $16) 16. Ng3 g6 17. Kh2 Ng7 18. Rg1 Kh8 19. Be3 (19. a4
Rb8 $18) 19... Qc8 (19... f6 20. Qe2 $16) 20. Qe2 (20. b4 c4 $18) 20... f6 $16
21. Rg2 Nf7 22. Rag1 h5 $4 (22... c4 $142 $16) 23. Kh1 (23. Nh4 g5 24. Ng6+ Kh7
25. Nxe7 Qd8 $18) 23... h4 (23... Bd8 24. gxh5 g5 $18) 24. Nxh4 Kh7 25. Nxg6 (
25. f4 $142 g5 26. fxg5 fxg5 $18) 25... Kxg6 26. Nf5 Qd8 27. Nxe7+ (27. f4 $142
Rh8 28. Nxe7+ Qxe7 29. f5+ Kh7 $18) 27... Qxe7 28. g5 (28. f4 $142 Ng5 29. Rh2
$18) 28... f5 $19 29. exf5+ (29. h4 Rh8 30. Rh2 Rh5 31. exf5+ Bxf5 $19) 29...
Bxf5 30. h4 Rh8 31. Rh2 Rh5 (31... Bxc2 $5 32. Qxc2+ e4 33. b3 $19) 32. f3 Bxc2
33. Qxc2+ Nf5 34. Re1 (34. Bf2 $19) 34... Rah8 (34... Qb7 $5 35. Qe4 Rah8 36.
Bf2 Nxg5 37. Rg1 $19) 35. Bf2 Qd7 36. f4 (36. Rg1 e4 37. Qxe4 Re8 $19) 36...
Re8 (36... Kg7 $142 $5 37. fxe5 Nxh4 38. e6 $19) 37. Qe4 (37. Re4 Reh8 $19)
37... Rhh8 (37... Re7 $142 38. Rf1 $19) 38. Kg2 (38. Rf1 exf4 39. Qxf4 Ne5 40.
Bxc5 dxc5 41. h5+ Rxh5 42. Rxh5 Kxh5 43. Qxf5 Qxd5+ 44. Kg1 Qd3 $19) 38... exf4
39. Qxf4 Rxe1 40. Bxe1 Rh5 (40... Qe7 $5 41. Kf2 Rf8 42. Rg2 $19) 41. b3 (41.
Rh1 Qb7 42. Qe4 $19) 41... Qe7 42. Kf2 Qe5 43. Qxe5 Nxe5 44. Ke2 Rh8 45. Bf2 (
45. Kd1 $19) 45... Ng4 (45... Ng4 46. Rg2 Nxf2 47. Rxf2 Rxh4 $19) 0-1

[Event "Puget Sound League"]
[Site "?"]
[Date "1971.02.09"]
[Round "5.1"]
[White "LeCompte, G."]
[Black "Bailey, B."]
[Result "1-0"]
[WhiteElo "2021"]
[BlackElo "1997"]
[Annotator "Stockfish 14 (15s)"]
[PlyCount "79"]
[EventDate "1971.??.??"]

{D27: Queen's Gambit Accepted: Classical main line: 7 e4!? and 7 a4} 1. d4 d5
2. c4 dxc4 3. e3 a6 4. Bxc4 Nf6 5. Nf3 b5 6. Bb3 e6 7. Nc3 Bb7 8. O-O c5 9.
dxc5 Qxd1 (9... Nbd7 10. Qe2 Bxc5 11. a4 b4 12. Nb1 O-O 13. Nbd2 Be7 14. a5 Nc5
15. Bc4 Ne8 16. Nb3 Ne4 17. Rd1 N8d6 18. Bd3 Bd5 19. Nbd4 Nc5 20. Bc2 Qb8 21.
Bd2 Qb7 22. Be1 Rfc8 23. Rac1 Bf6 24. Bb1 {
Kalinitschew,S (2519)-Aronian,L (2648) playchess.com INT 2004 0-1 (57)}) (9...
Bxc5 10. Qxd8+ Kxd8 11. Rd1+ Ke7 12. a4 b4 13. Ne2 Nc6 14. Ned4 Rac8 15. Nxc6+
Bxc6 16. Ne5 Bb7 17. Bd2 Rhd8 18. Rac1 Ne4 19. Be1 f6 20. Nc4 Rxd1 21. Rxd1 Bd5
22. Na5 Bxb3 23. Nxb3 Bd6 24. Rc1 {
Galby,V (1908)-Humeau,C (2095) Pic d'Anie 2006 0-1 (52)}) 10. Rxd1 Bxc5 11. Bd2
O-O $146 (11... Nbd7 12. a4 (12. Rac1 Rc8 13. Be1 Ke7 14. Ne2 Ne4 (14... Rhd8
15. Ba5 Bb6 16. Bxb6 Nxb6 {
1/2-1/2 (16) Santa Torres,L (2222)-Borges,G San Felipe 1999}) 15. Ba5 Bd6 16.
h3 Rxc1 17. Rxc1 Ndc5 18. Bc2 Rc8 19. Bb1 Nf6 20. Nfd4 g6 21. Nf3 Nd5 22. Kf1
f5 23. Ke1 Nf6 24. Kf1 Kd7 25. Bc3 Nd5 26. Ba5 h6 {
Joksic,S (2288)-Arkhipov,S (2535) Biel 1999 0-1 (45)}) 12... b4 13. Ne2 a5 14.
Ned4 Ke7 15. Bc4 Rac8 16. Bb5 Rhd8 17. Be1 Ne4 18. Rac1 Bd5 19. h3 g6 20. Ba6
Ra8 21. Bc4 Bb7 22. Bb5 Rac8 23. Nb3 Bb6 24. Rxc8 Bxc8 25. Nfd4 Nb8 26. Rc1 {
Araya,R (2320)-Michel Yunis,C (2340) Santiago 1994 0-1 (52)}) 12. Rac1 Nbd7 13.
Ne2 Bb6 14. Bb4 Rfc8 15. Ned4 Nc5 16. Bxc5 Rxc5 17. Rxc5 Bxc5 18. Rc1 Bb6 19.
Nc6 Kf8 20. Nce5 h6 21. h3 Rd8 22. a3 (22. a4 $142 $15) 22... Ba7 $4 (22... Ne4
$142 $17) 23. Rc7 $18 Bxf3 24. Rxf7+ (24. Nxf3 $6 Bb6 25. Rc6 Nd7 $11) 24...
Ke8 25. Rxa7 Bd5 26. Bc2 Rd6 (26... Be4 27. Bxe4 Rd1+ 28. Kh2 Nxe4 29. Rxa6
Nxf2 30. Rxe6+ Kf8 $18) 27. Bg6+ Kf8 28. Rf7+ Kg8 29. Rc7 Rd8 30. Bf7+ Kh7 31.
Bg6+ (31. h4 Ne8 32. Bg6+ Kg8 $18) 31... Kg8 32. Nf7 (32. Bf7+ Kh7 $18) 32...
Rf8 (32... Rb8 33. f3 Kf8 $18) 33. Ne5 (33. f3 Bxf3 34. gxf3 Nd5 $18) 33... Bb3
$4 (33... Rd8 34. Bf7+ Kh7 $18) 34. Ra7 $18 Rd8 (34... Bd5 35. Bf7+ Kh7 36.
Rxa6 $18) 35. Rxa6 (35. e4 b4 36. Nc6 Rf8 37. Nxb4 Ba4 38. Nxa6 Nd7 $18) 35...
Kf8 36. Ra7 Ba4 (36... Rc8 37. Rf7+ Kg8 38. Rb7 $18) 37. Rf7+ (37. Nc6 $142 $5
Re8 $18) 37... Kg8 38. Rc7 (38. Ra7 Bd1 39. f3 Nd5 $18) 38... Nd5 (38... b4 39.
Bf7+ Kh7 40. axb4 $18) 39. Rc1 (39. Rb7 $142 Kf8 $18) 39... b4 40. Bf7+ (40.
Bf7+ Kf8 41. Bxe6 $18) 1-0